| 000 | 00977cab a2200229 4500 | ||
|---|---|---|---|
| 001 | ABS46454 | ||
| 008 | 090401t1992 xxu||||| |||| 00| 0 eng d | ||
| 035 | _a(Sirsi) u58333 | ||
| 041 | _aeng | ||
| 245 | _aWatson-Smyth v SoS for the Environment and Cherwell DC | ||
| 260 | _c1992 | ||
| 350 | _a0 | ||
| 490 |
_aJournal of Planning and Environment Law _v(1992) JPL 451-457(7) |
||
| 520 | _aQBD 1 October 1991. On failing to obtain listed building consent to fill in a ha-ha in the grounds of his house, the owner appealed, raising questions about the meaning of curtilage, whether the ha-ha, forming the boundary to the curtilage could be found to be within the curtilage of the listed building and whether a ditch (part of the ha-ha) was a structure or an object. | ||
| 650 | _aCURTILAGE | ||
| 650 | _aHA-HA | ||
| 650 | _aLISTED BUILDING CONSENT | ||
| 650 | _aLISTED BUILDINGS | ||
| 690 | _aPLANNING LAW AND PRACTICE-CASE LAW | ||
| 942 | _n0 | ||
| 948 | _c04/03/1997 | ||
| 999 |
_c35600 _d35600 |
||